Eminent persons, biographies reprinted from the Times, 1880-1889.

Bibliographic Details
Format: Book
Language:English
Published: Freeport, N.Y. : Books for Libraries Press, 1972.
Series:Essay index reprint series
Subjects:

MARC

Tag First Indicator Second Indicator Subfields
LEADER 00000cam a2200000 a 4500
001 in00000081269
005 20151008061014.0
008 810219r19721892nyu 00100ceng d
010 |z  72007196  
020 |z 0836972643 
035 |a (OCoLC)07138875 
035 |9 AAJ7089AM 
040 |a CUS  |c CUS  |d TXA  |d UtOrBLW 
049 |a TXAM  |c [1387571] 
090 |a CT119  |b .E542 1972 
245 0 0 |a Eminent persons, biographies reprinted from the Times, 1880-1889. 
264 1 |a Freeport, N.Y. :  |b Books for Libraries Press,  |c 1972. 
300 |a 341 pages ;  |c 24 cm. 
336 |a text  |b txt  |2 rdacontent 
337 |a unmediated  |b n  |2 rdamedia 
338 |a volume  |b nc  |2 rdacarrier 
490 0 |a Essay index reprint series 
500 |a Reprint of the 1892 edition. 
500 |a Includes index. 
650 0 |a Biography  |y 19th century. 
730 0 |a Times (London, England) 
999 |a MARS 
999 f f |s 63405f92-091b-39d1-acdf-ac469484d10a  |i c30637ce-463e-3822-8ff0-7ac6a43b75c0  |t 0 
952 f f |p ric  |a Texas A&M University  |b Rellis Campus  |c Joint Library Facility  |d Remote Storage  |t 0  |e CT119 .E542 1972  |h Library of Congress classification  |i unmediated -- volume  |m A14806094151 
998 f f |a CT119 .E542 1972  |t 0  |l Remote Storage